• 首页
  • 本馆介绍
  • 公告通知
  • 最新文献
  • 馆藏检索
  • 电子资源
  • 读者导购
  • 参考咨询
  • 我的图书馆
  • 登录
  • 详细信息显示
  • 放入我的书架
  • 预约/预借图书
  • 作者相关作品
  • 分类相关作品
  • 丛书相关作品
  • 出版社相关作品

书目信息

  • 表格格式
  • 工作单格式
  • 卡片格式
题名:
中学历史知识表解
    
 
作者: 施淑敏 , 巫日辰 著
分册:  
出版信息: 福州   福建教育出版社  1982
页数: 93页
开本: 19cm
丛书名:
单 册:
中图分类: G634.51
科图分类:
主题词: 历史课--中学--教学参考资料 , 教育--各级
电子资源:
ISBN:
000 00762nam0 2200265 45
001 0182003295
005 20060511150525.51
010    @dCNY0.26
091    @a7159.539
100    @a19950614d1982 demy0chiy0121 ea
101 0  @achi
102    @aCN@b350000
105    @ak z 000yy
200 10 @a中学历史知识表解@Azhong xue li shi zhi shi biao jie@f施淑敏,巫日辰著@Fshi shu min,wu ri chen zhu
205    @a3版@b修订本
210    @a福州@c福建教育出版社@d1982
215    @a93页@d19cm
606    @a历史课@x中学@x教学参考资料
606 0  @a教育@x各级
690    @aG634.51@v3
701  0 @a施淑敏@Ashi shu min@4著
701  0 @a巫日辰@Awu ri chen@4著
801  2 @aCN@bNLC@c20060511
801  0 @aCN@b上海图书馆@c20040508
905    @f2@b92549-550@dG633.51@e26
    
    中学历史知识表解/施淑敏,巫日辰著.-3版,修订本.-福州:福建教育出版社,1982
    93页;19cm
    
    
    ISBN :CNY0.26
    
●
相关链接 在E读中查询图书 在五车中查询图书 在当当中查询图书 在豆瓣中查询图书


正题名:中学历史知识表解     索取号:G633.51/26         预约/预借

序号 登录号 条形码 馆藏地/架位号 状态 备注
1 0092548   202322664   密集书库/ [索取号:G633.51/26] 在馆    
2 0092549   000254557   密集书库/ [索取号:G633.51/26] 在馆    
3 0092550   000252318   密集书库/ [索取号:G633.51/26] 在馆    
4 0092552   000254548   第一样本阅览室/ [索取号:G633.51/26] 在馆    
唐山师范学院图书馆 欢迎您!
大连网信软件有限公司© 版权所有